000 00477nam a2200193Ia 4500
008 101110s9999 xx 000 0 und d
041 _aENGLISH
082 _bSR6874
_a651.3
100 _aKhanna Maheshwari
245 _aBusiness Organisation 5th ed.
365 _b8.75
520 _aCommerce
546 _aENGLISH
630 _aBusiness Organisation 5th ed.
650 _aCommerce
655 _aCommerce
730 _aBusiness Organisation 5th ed.
942 _cBOOK
999 _c802636
_d802633